000 00708nam a2200205 4500
001 131359
003 ES-MaACL
005 20250712024242.0
007 t|
008 070214s1969 sp r ||||1| spa d
100 1 _aRobles Piquer, Carlos,
_d1925-2018
_997951
245 1 3 _aEl impacto audiovisual /
_cCarlos Robles Piquer.
260 _aMadrid :
_bServicio Informativo Español,
_c1969.
300 _a32 p., 11 lám. ;
_c21 cm.
490 1 _aDocumentos sociales ;
_v4
710 1 _aEspaña.
_bMinisterio de Información y Turismo.
_bServicio Informativo Español.
_93888
830 0 _aDocumentos sociales ;
_v4
_9182864
852 _aES-MaACL
_j2066-F-18
_bR.69596
999 _c131359
_d131359